000 00338nam a2200169Ia 4500
100 _aCole/Alaric/ Robinson/E
650 _aFlex
942 _cBK
366 _f25
654 _aflex
245 _aLearning Flex 4
260 _bOreilly
_c2011
082 _a4.65
_bCOL
300 _a455
546 _aENGLISH
_cPAMPHALETS
999 _c22396
_d22396